000 00741nam a2200241 i 4500
001 bg
245 0 0 _aPolityka społeczna :
_bpraca zbiorowa /
_cpod red. Aldony Frączkiewicz-Wronka i Marii Zrałek ; Akademia im. Karola Adamieckiego. Kolegium Zarządzania.
260 _aKatowice :
_bAE,
_c1998.
300 _a240 s. ;
_c23 cm.
504 _aBibliogr. przy rozdz.
650 4 _aPolityka społeczna
_zPolska
_yod 1989 r.
650 4 _aPodręczniki akademickie
700 1 _aFRĄCZKIEWICZ-WRONKA, Aldona.
700 1 _aZRAŁEK, Maria.
020 _a8390884712
040 _cBPK
041 _apl
080 _a304(438)
080 _a(075.8)
920 _a83-908847-1-2
942 _cKS
008 s pl f |000 0 pol
999 _c34668
_d34668
856 _uhttp://koha.tu.koszalin.pl/cgi-bin/koha/opac-detail.pl?biblionumber=34668
_yKatalog online BPK